Stacking up housing supply (Record no. 109307)

MARC details
000 -LEADER
fixed length control field 01098cad a22002295a 4500
001 - CONTROL NUMBER
control field E146822
008 - FIXED-LENGTH DATA ELEMENTS--GENERAL INFORMATION
fixed length control field 090303s2008 xxk f 000 0 eng d
035 ## - SYSTEM CONTROL NUMBER
System control number (Sirsi) u146822
041 0# - LANGUAGE CODE
Language code of text/sound track or separate title eng
050 04 - LIBRARY OF CONGRESS CALL NUMBER
Classification number 306.1 $2 18
110 2# - MAIN ENTRY--CORPORATE NAME
Corporate name or jurisdiction name as entry element CIH Scotland
245 00 - TITLE STATEMENT
Title Stacking up housing supply
Remainder of title the Scottish Government's delivering plans and the credit crunch
Medium [electronic resource]
260 ## - PUBLICATION, DISTRIBUTION, ETC.
Place of publication, distribution, etc. Edinburgh
Name of publisher, distributor, etc. CIH Scotland
Date of publication, distribution, etc. 2008
490 #0 - SERIES STATEMENT
Series statement CIH Scotland Policy Briefing
520 ## - SUMMARY, ETC.
Summary, etc. Sets out the Scottish Government's proposals relating to affordable housing following the 'Firm Foundations' consultation (see E141964) and compares the levels of funding and the proposed building programme with previous years. Assesses how the credit crunch may affect the delivery of these proposals.
521 ## - TARGET AUDIENCE NOTE
Target audience note Advanced
590 ## - LOCAL NOTE (RLIN)
Local note KA
651 #4 - SUBJECT ADDED ENTRY--GEOGRAPHIC NAME
Geographic name Scotland
Chronological subdivision 1999-
690 ## - LOCAL SUBJECT ADDED ENTRY--TOPICAL TERM (OCLC, RLIN)
Topical term or geographic name as entry element PROPERTY-RESIDENTIAL PROPERTY-DOMESTIC RESIDENTIAL PROPERTY-HOUSING
856 40 - ELECTRONIC LOCATION AND ACCESS
Uniform Resource Identifier <a href="https://www.cih.org/scotland/policy/Housing-Supply-July2008.pdf">https://www.cih.org/scotland/policy/Housing-Supply-July2008.pdf</a>
Public note View the report free of charge at www.cih.org/scotland...
942 ## - ADDED ENTRY ELEMENTS (KOHA)
Suppress in OPAC 0
Holdings
Withdrawn status Lost status Source of classification or shelving scheme Damaged status Not for loan Home library Current library Shelving location Date acquired Total Checkouts Full call number Barcode Date last seen Copy number Price effective from Koha item type
    Dewey Decimal Classification     Virtual Virtual Online 03/03/2009   ONLINE PUBLICATION 146822-2001 06/08/2019 1 06/08/2019 Book